| 000 | 00650nam a2200241Ia 4500 | ||
|---|---|---|---|
| 003 | OSt | ||
| 005 | 20221005044342.0 | ||
| 006 | a|||||r|||| 00| 0 | ||
| 007 | ta | ||
| 008 | 221004b |||||||| |||| 00| 0 eng d | ||
| 024 | _a60383 | ||
| 037 | _cTextual | ||
| 040 |
_aCRL _cCRL _beng |
||
| 041 |
_2eng _aeng |
||
| 082 | _aY73(Q8441).2, N1 | ||
| 100 |
_aVenkateswar Rao Adi Raju _9592441 |
||
| 245 | 0 | _aSikhs and India identity crisis | |
| 260 |
_aHyderabad _bSalya _c1991 |
||
| 300 |
_a416p. _ccm. |
||
| 650 | _aSOCIOLOGY | ||
| 942 |
_hY73(Q8441).2, N1 _cTEXL _2cc |
||
| 999 |
_c953245 _d953245 |
||